| 000 | 004890000a22002170004500 | ||
|---|---|---|---|
| 001 | 1938 | ||
| 003 | CO-MdFUSB | ||
| 005 | 20170515154704.0 | ||
| 008 | 170515b xxu||||| |||| 00| 0 eng d | ||
| 020 | _a958-8089-82-4 | ||
| 040 | _cCO-MdBIC | ||
| 082 | 0 | 4 | _a863C El82p |
| 100 | 1 | _aNatalia Carla | |
| 110 | 1 | _aEditoriales el Tiempo S.A. | |
| 245 | 1 | 0 | _aPulgarcito |
| 260 | _aColombia | ||
| 300 | _a56 Pag | ||
| 500 | _aCuento infantil | ||
| 505 | 0 | 0 | _aCuento clasico |
| 942 | _cLGB | ||
| 999 |
_c49089 _d49089 |
||